000 00376nam a22001577a 4500
005 20160627143727.0
008 160627b xxu||||| |||| 00| 0 eng d
041 _aeng
082 _b10482
100 _aGHAN, P.T.
_92937
245 _aIntroduction to industrial organization
260 _bA.V. Griha Poona
_c1962
300 _a191
650 _aManagement
_9241
942 _cBK
999 _c4251
_d4250